000 00918cam a2200277 4500
008 090401t1994 xxu||||| |||| 00| 0 eng d
020 _a0854066640
035 _a(Sirsi) u60937
041 _aeng
050 _a630.026
090 _a630.026
090 _aRICS 1994/53ABCD
100 _aKerr, John
245 _aFarm business tenancies: new farms and land 1995 to 1997: report of the duration, amount and type of new farms and land expected under farm business tenancy agreements in England and Wales by chartered surveyors from 1995 to 1997.
260 _aLondon
_bRICS
_c1994
300 _a31p. ; 30cm.
350 _a10
650 _aABOUT RICS-RICS MEMBERS
650 _aFARM BUSINESS TENANCIES
650 _aFARM BUSINESS TENANCY AGREEMENTS
650 _aFARM LAND
690 _aRURAL PRACTICE
710 _aRoyal Institution of Chartered Surveyors
_94900
942 _n0
948 _c04/03/1997
999 _c94270
_d94270